Pays les plus éduqués - Statistiques

Statistiques générales
  • Ce quiz a été pris 82 fois
  • Le résultat moyen est 9 sur 12
Statistiques - réponses
Part de la population (%) Pays % Correct
56,2% Japon
96%
43,2% France
95%
52,6% Canada
93%
43,1% Etats-Unis
92%
46,4% Suisse
85%
41,8% Corée du Sud
78%
43,3% Australie
77%
45,1% Norvège
77%
44,6% Belgique
75%
45,1% Danemark
73%
49,1% Irlande
60%
48,3% Singapour
42%
Aucun quiz correspondant
Distribution des résultats
% des personnes avec chaque résultat
Percentile par nombre de réponses
Votre historique - résultats
Vous n’avez pas pris ce quiz